Escritos
Αποθηκεύτηκε σε:
| Κύριος συγγραφέας: | |
|---|---|
| Μορφή: | Βιβλίο |
| Γλώσσα: | Ισπανικά |
| Έκδοση: |
Barcelona
Elba S. L
2012
|
| Έκδοση: | 1a. ed |
| Σειρά: | El Taller de Elba, 12
|
| Θέματα: | |
| Ετικέτες: |
Προσθήκη ετικέτας
Δεν υπάρχουν, Καταχωρήστε ετικέτα πρώτοι!
|
MARC
| LEADER | 00000cam a2200000 a 4500 | ||
|---|---|---|---|
| 001 | UCE0676 | ||
| 003 | CL-VaPUC | ||
| 008 | 140227e20120000sp |||||||||||||||||spa|d | ||
| 020 | |a 9788483990251 | ||
| 082 | 0 | 4 | |a 759.06 |b HOP |2 21 |
| 100 | 0 | |a Hopper, Edward |e author |9 557632 | |
| 245 | 1 | 0 | |a Escritos |
| 250 | |a 1a. ed | ||
| 300 | |a 76 p | ||
| 942 | |c BK | ||
| 945 | |d 20140227 11:27:00 |a dcastane | ||
| 260 | |a Barcelona |b Elba S. L |c 2012 | ||
| 650 | 0 | |a Pintores estadounidenses |9 347262 | |
| 650 | 0 | |a Arte moderno |9 265333 | |
| 650 | 7 | |a PINTURA SIGLO 20 |2 CL-VaPUC |9 266201 | |
| 650 | 0 | |a Biografías |9 255210 | |
| 583 | |a last modification |c 20140227 11:27:00 |k Rodrigo Vera | ||
| 490 | 0 | |a El Taller de Elba, 12 | |
| 999 | |c 354738 |d 354736 | ||
| 952 | |0 0 |1 0 |3 erb |4 0 |6 759_060000000000000_HOP_2012 |7 0 |8 R |9 460890 |a BIBART |b BIBART |i 5057558 |l 13 |o 759.06 HOP 2012 |p 5057558 |q 2025-07-31 |r 2025-03-13 |s 2024-12-19 |w 2019-11-23 |y BK_R |z Catalogado en:20140227 |k ART | ||